000 01114nam a2200301Ia 4500
003 OSt
005 20221005110621.0
006 a|||||r|||| 00| 0
007 ta
008 221004b |||||||| |||| 00| 0 hin d
020 _a9789326354219 (pbk)
_cINR 125.00
024 _a37070
037 _bBW/1690, 15/03/2018, Bookwell
_cTextual
040 _aCRL
_cCRL
_bhin
041 _2hin
_ahin
082 _aO152,3N05,MO, Q7
100 _aजैनेन्द कुमार, ले.
245 0 _aमुक्तिबोध
246 _aMuktibodha
250 _aसंस्करण 2
260 _aनई दिल्ली
_bभारतीय ज्ञानपीठ भारत
_c2017
300 _a104पृ0
_ccm.
490 _aलोकोदय ग्रन्थमाला; ग्रन्थांक 1262
650 _a हिन्दी साहित्य
650 _aहिन्दी कहानी
942 _hO152,3N05,MO, Q7
_cTEXL
_2cc
999 _c1019360
_d1019360